Normal view MARC view

Entry Personal Name

Number of records used in: 2

001 - CONTROL NUMBER

  • control field: 44396

003 - CONTROL NUMBER IDENTIFIER

  • control field: dpl

005 - DATE AND TIME OF LATEST TRANSACTION

  • control field: 20120328105644.0

008 - FIXED-LENGTH DATA ELEMENTS

  • fixed length control field: 120328|||a|||||| | ||| d

040 ## - CATALOGING SOURCE

  • Original cataloging agency: dpl
  • Transcribing agency: dpl

100 ## - HEADING--PERSONAL NAME

  • Personal name: भट्ट, राजेन्द्र शंकर

670 ## - SOURCE DATA FOUND

  • Source citation: Work cat.: (dpl): भट्ट, राजेन्द्र शंकर, स्त्री-सरोकार /, 2000

670 ## - SOURCE DATA FOUND

  • Source citation: Work cat.: (dpl): भट्ट, राजेन्द्र शंकर, स्त्री-सरोकार /, 2000

© Delhi Public Library
Hit Counter
free hit counter